000 00482nam a2200181Ia 4500
005 20250508163149.0
008 008 250505s9999 xx 000 0 eng d
037 _aTextual
040 _aFEDL
_beng
_cFEDL
041 _aeng
_2eng
084 _a370.954, ADA
_qFEDL
100 _aAdaval Subodh
_9769671
245 0 _aKotari commission education commission
300 _a507p.
650 _aEducation
942 _cTEXL
_h370.954, ADA
999 _c1381242
_d1381242